[Event "British Columbia-ch Senior"]
[Site "Surrey CAN"]
[Date "2018.06.23"]
[Round "3.1"]
[White "Swett, Graham"]
[Black "Mohammed Qanee, Arpak Worya"]
[Result "0-1"]
[WhiteElo "1997"]
[BlackElo "2166"]
[PlyCount "100"]
[EventDate "2018.06.22"]
[EventType "swiss"]
[EventRounds "5"]
[EventCountry "CAN"]

1. e4 d5 2. exd5 Nf6 3. d4 Nxd5 4. Nf3 g6 5. Bc4 Bg7 6. O-O O-O 7. Bb3 a5 8. a4
Nc6 9. c3 Bg4 10. h3 Bxf3 11. Qxf3 e6 12. Na3 Qd7 13. Bg5 h6 14. Bd2 Kh7 15.
Rad1 Nce7 16. Nc4 b5 17. Ne5 Bxe5 18. dxe5 bxa4 19. Ba2 Qc6 20. g4 f5 21. exf6
Rxf6 22. Qg3 g5 23. Qe5 Raf8 24. Qe4+ Kg7 25. Bb1 Kf7 26. Bc2 Nf4 27. Qxc6 Nxc6
28. Bxa4 Ne5 29. Kh2 h5 30. f3 Rh8 31. Bxf4 Rxf4 32. Bb3 hxg4 33. fxg4 Nxg4+
34. Kg3 Ne3 35. Rfe1 Nxd1 36. Bxd1 Kf6 37. Bg4 e5 38. Rd1 Rb8 39. Rd5 Rxb2 40.
Rxa5 Rc4 41. Ra6+ Rb6 42. Ra2 Rxc3+ 43. Kg2 e4 44. Rf2+ Ke5 45. Ra2 c5 46. Be2
Rbb3 47. Bg4 c4 48. Kf2 Kf4 49. Ke2 Rg3 50. Kf2 e3+ 0-1

[Event "British Columbia-ch Senior"]
[Site "Surrey CAN"]
[Date "2018.06.23"]
[Round "3.2"]
[White "McLaren, Brian"]
[Black "Hoshizaki, Dale"]
[Result "1/2-1/2"]
[WhiteElo "2130"]
[BlackElo "1985"]
[PlyCount "104"]
[EventDate "2018.06.22"]
[EventType "swiss"]
[EventRounds "5"]
[EventCountry "CAN"]

1. e4 d5 2. exd5 Nf6 3. Nc3 Nxd5 4. Qf3 Nf6 5. Qg3 c6 6. Nf3 Bf5 7. d3 e6 8.
Bd2 h6 9. Ne5 Nbd7 10. f4 h5 11. O-O-O h4 12. Qe1 Bc5 13. Nxd7 Qxd7 14. Ne4 Be7
15. Ng5 Bd6 16. Be2 O-O-O 17. Bf3 Nd5 18. g3 f6 19. Ne4 Be7 20. Qe2 hxg3 21.
hxg3 Bg6 22. Rde1 Bf7 23. Qf2 Kb8 24. Kb1 Bb4 25. Nc5 Qd6 26. Nb3 Bxd2 27. Qxd2
Rde8 28. Rxh8 Rxh8 29. Qg2 Re8 30. Qh3 e5 31. fxe5 fxe5 32. a3 Qe6 33. Qh4 Qf6
34. Qh1 Kc7 35. Nd2 Qg6 36. Qg1 Nf6 37. Qxa7 Qxg3 38. Rg1 Qh4 39. Qe3 g6 40. b3
Nd5 41. Bxd5 cxd5 42. Qc5+ Kb8 43. Nf3 Qe7 44. Qe3 e4 45. Ng5 Bg8 46. Re1 Qxa3
47. dxe4 dxe4 48. Qg3+ Ka8 49. Rxe4 Rxe4 50. Nxe4 Qa6 51. Qe5 Qe6 52. Qf4 Qf5
1/2-1/2

[Event "British Columbia-ch Senior"]
[Site "Surrey CAN"]
[Date "2018.06.23"]
[Round "3.3"]
[White "Fuentebella, Mayo"]
[Black "Haines, Duncan"]
[Result "1-0"]
[WhiteElo "2299"]
[BlackElo "1897"]
[PlyCount "119"]
[EventDate "2018.06.22"]
[EventType "swiss"]
[EventRounds "5"]
[EventCountry "CAN"]

1. c4 c5 2. Nc3 g6 3. Nf3 Bg7 4. d4 cxd4 5. Nxd4 Nc6 6. e3 d6 7. Be2 Nf6 8. O-O
O-O 9. b3 Bd7 10. Bb2 a6 11. Qd2 Qc7 12. Rac1 Nxd4 13. exd4 e5 14. Rfd1 Bf5 15.
dxe5 dxe5 16. Qd6 Qxd6 17. Rxd6 Ne4 18. Rb6 Nxc3 19. Bxc3 Be4 20. Bf3 Bxf3 21.
gxf3 Rab8 22. Rd1 f6 23. Kf1 Rf7 24. Rdd6 Re8 25. Ke2 f5 26. Re6 Rfe7 27. Rxe7
Rxe7 28. c5 e4 29. Bxg7 exf3+ 30. Kxf3 Kxg7 31. c6 bxc6 32. Rxc6 Ra7 33. Ke3 a5
34. Kd3 Kh6 35. Rc4 Kg5 36. Ke3 Rb7 37. Kf3 Rb5 38. Kg3 Rd5 39. f3 Rb5 40. Rc7
f4+ 41. Kh3 Rd5 42. Rb7 h5 43. a4 Rd3 44. Rb5+ Kh6 45. Kg2 Rd2+ 46. Kg1 Rd1+
47. Kf2 Rd2+ 48. Kf1 Rd3 49. Ke2 Re3+ 50. Kf2 Rd3 51. h4 Re3 52. b4 axb4 53.
Rxb4 g5 54. Rb6+ Kg7 55. hxg5 Ra3 56. Rb4 Kg6 57. Rxf4 Kxg5 58. Kg3 Ra1 59. Rb4
h4+ 60. Rxh4 1-0

[Event "British Columbia-ch Senior"]
[Site "Surrey CAN"]
[Date "2018.06.23"]
[Round "3.4"]
[White "O'Brien, Frank"]
[Black "Kagaoan, Jose"]
[Result "0-1"]
[WhiteElo "1752"]
[BlackElo "1944"]
[PlyCount "54"]
[EventDate "2018.06.22"]
[EventType "swiss"]
[EventRounds "5"]
[EventCountry "CAN"]

1. d4 c5 2. d5 f5 3. Nc3 Nf6 4. Bg5 Qb6 5. e4 Qxb2 6. Bd2 Nxe4 7. Nxe4 fxe4 8.
Bc4 Qd4 9. Bb3 c4 10. Ne2 Qxd5 11. Nc3 Qe5 12. Bxc4 e6 13. Nb5 Na6 14. Rb1 d5
15. Bc3 Qg5 16. Bf1 Bc5 17. Bd4 O-O 18. Qe2 Bd7 19. Bxc5 Nxc5 20. g3 a6 21. Nc3
Qe5 22. Nd1 Bb5 23. Qg4 Bxf1 24. Kxf1 d4 25. Kg2 Qd5 26. Re1 Rf7 27. Kg1 Qxa2
0-1

[Event "British Columbia-ch Senior"]
[Site "Surrey CAN"]
[Date "2018.06.23"]
[Round "3.5"]
[White "Harris, Philip"]
[Black "Patterson, Roger"]
[Result "1/2-1/2"]
[WhiteElo "1690"]
[BlackElo "2064"]
[PlyCount "72"]
[EventDate "2018.06.22"]
[EventType "swiss"]
[EventRounds "5"]
[EventCountry "CAN"]

1. e4 e5 2. Nf3 Nc6 3. Bb5 a6 4. Ba4 Nf6 5. O-O b5 6. Bb3 Bc5 7. d3 d6 8. c3
Bb7 9. Bg5 h6 10. Be3 Bxe3 11. fxe3 O-O 12. Nbd2 Ne7 13. Qe2 Ng6 14. Bc2 Qe7
15. Rfe1 d5 16. exd5 Bxd5 17. e4 Bb7 18. g3 Bc8 19. Nf1 Bh3 20. Ne3 Ng4 21.
Nxg4 Bxg4 22. Qe3 c5 23. Bb3 Qd6 24. Bd5 Rae8 25. a4 Ne7 26. c4 Nxd5 27. cxd5
f5 28. Rf1 fxe4 29. dxe4 Bxf3 30. Rxf3 Rxf3 31. Qxf3 Rf8 32. Qe2 c4 33. axb5
axb5 34. Qe3 b4 35. Kg2 Rc8 36. Rc1 Rc7 1/2-1/2

[Event "British Columbia-ch Senior"]
[Site "Surrey CAN"]
[Date "2018.06.24"]
[Round "4.1"]
[White "Mohammed Qanee, Arpak Worya"]
[Black "Fuentebella, Mayo"]
[Result "1/2-1/2"]
[WhiteElo "2166"]
[BlackElo "2299"]
[PlyCount "185"]
[EventDate "2018.06.22"]
[EventType "swiss"]
[EventRounds "5"]
[EventCountry "CAN"]

1. Nf3 d5 2. d4 Nf6 3. c4 dxc4 4. Qa4+ c6 5. Qxc4 b5 6. Qc2 Bb7 7. g3 Nbd7 8.
Bg2 e6 9. O-O c5 10. Be3 Nd5 11. Bg5 Qb6 12. dxc5 Bxc5 13. e4 N5f6 14. Nc3 Rc8
15. Bxf6 Nxf6 16. Rad1 Bb4 17. e5 Bxc3 18. bxc3 Nd5 19. Rd4 Nxc3 20. Qd2 Bd5
21. Rg4 g6 22. Ng5 Qc6 23. Bxd5 Qxd5 24. Qe3 Rc4 25. Rxc4 Qxc4 26. Nxf7 Kxf7
27. Qxa7+ Kg8 28. Re1 Qc8 29. Re3 Nd5 30. Rf3 Qc7 31. Qa6 Qd7 32. Rb3 Nc7 33.
Qd6 Qxd6 34. exd6 Nd5 35. Rxb5 Kf7 36. Kg2 h5 37. Ra5 Rd8 38. Ra6 Rd7 39. f4
Ne3+ 40. Kh3 Nc4 41. g4 hxg4+ 42. Kxg4 Kf6 43. a4 Nxd6 44. Ra8 Nf5 45. Rf8+ Kg7
46. Ra8 Rd2 47. a5 Rxh2 48. a6 Ra2 49. Kf3 Ra4 50. a7 Nd4+ 51. Kg4 Nc6 52. Re8
Rxa7 53. Rxe6 Ne7 54. Rb6 Kf7 55. Rb5 Ra1 56. Rb7 Rc1 57. Ra7 Kf6 58. Ra6+ Rc6
59. Ra8 Nf5 60. Ra3 Rc1 61. Ra6+ Kg7 62. Rb6 Rc3 63. Rxg6+ Kf7 64. Ra6 Ne7 65.
Ra5 Rc1 66. Ra6 Rc4 67. Ra5 Ng6 68. Kg5 Rc1 69. Ra7+ Ne7 70. Kg4 Kf6 71. Ra6+
Nc6 72. Ra8 Ke6 73. Re8+ Kd5 74. Kg5 Rg1+ 75. Kf6 Rf1 76. f5 Kd6 77. Re6+ Kd7
78. Re4 Rf2 79. Ra4 Kd6 80. Ra1 Nd4 81. Ra6+ Kd5 82. Ra5+ Kd6 83. Ra6+ Nc6 84.
Kg6 Kd5 85. f6 Ne5+ 86. Kg7 Rg2+ 87. Kf8 Rc2 88. Kg7 Rg2+ 89. Kf8 Rf2 90. Kg7
Nd7 91. f7 Rg2+ 92. Rg6 Rf2 93. Rg1 1/2-1/2

[Event "British Columbia-ch Senior"]
[Site "Surrey CAN"]
[Date "2018.06.24"]
[Round "4.2"]
[White "Kagaoan, Jose"]
[Black "McLaren, Brian"]
[Result "0-1"]
[WhiteElo "1944"]
[BlackElo "2130"]
[PlyCount "130"]
[EventDate "2018.06.22"]
[EventType "swiss"]
[EventRounds "5"]
[EventCountry "CAN"]

1. e4 Nf6 2. e5 Nd5 3. d4 d6 4. Nf3 Bg4 5. Bc4 dxe5 6. dxe5 e6 7. O-O c6 8. Re1
Nd7 9. Nbd2 Be7 10. Nf1 Qc7 11. h3 Bh5 12. Qe2 O-O 13. g4 Bg6 14. h4 h5 15. g5
Nb4 16. Bd3 Bxd3 17. cxd3 g6 18. a3 Nd5 19. Bd2 Rfd8 20. d4 c5 21. Rac1 Qb6 22.
Bc3 Rac8 23. Ng3 Nxc3 24. bxc3 cxd4 25. cxd4 Rxc1 26. Rxc1 Bxa3 27. Rc2 Nb8 28.
Ne4 Nc6 29. Nf6+ Kg7 30. d5 exd5 31. Rd2 Ne7 32. Nd4 Bc5 33. Rb2 Qa6 34. Qxa6
bxa6 35. Nb3 Bb6 36. Ra2 Nf5 37. Na5 Bxa5 38. Rxa5 d4 39. Ne4 Nxh4 40. Nd2 Nf5
41. Rxa6 Rd7 42. Kf1 Kf8 43. Ke2 Ke8 44. Ne4 Kd8 45. Kd3 Kc8 46. e6 fxe6 47.
Rxe6 Rg7 48. Nf6 h4 49. Re1 Rb7 50. Re8+ Kc7 51. Rg8 Rb3+ 52. Kc2 Rf3 53. Ne4
h3 54. Rh8 Rf4 55. Kd3 Rh4 56. Rxh4 Nxh4 57. f4 h2 58. Nf2 Nf5 59. Ke4 Kd6 60.
Kf3 a5 61. Kg2 a4 62. Kxh2 a3 63. Ne4+ Kd5 64. Nd2 a2 65. Nb3 d3 0-1

[Event "British Columbia-ch Senior"]
[Site "Surrey CAN"]
[Date "2018.06.24"]
[Round "4.4"]
[White "Leblanc, Paul"]
[Black "Bince, Rolando"]
[Result "1-0"]
[WhiteElo "1800"]
[BlackElo "1965"]
[PlyCount "74"]
[EventDate "2018.06.22"]
[EventType "swiss"]
[EventRounds "5"]
[EventCountry "CAN"]

1. d4 Nf6 2. c4 e6 3. Nf3 Bb4+ 4. Bd2 Be7 5. Nc3 d5 6. g3 b6 7. Bg2 Bb7 8. O-O
O-O 9. cxd5 exd5 10. Ne5 Nbd7 11. f4 c5 12. e3 Ne4 13. Nxe4 dxe4 14. Bc3 Nf6
15. Qe2 a5 16. Rfd1 Ba6 17. Qf2 Qc8 18. Rac1 Bb7 19. dxc5 bxc5 20. Nc4 Ng4 21.
Qe1 Qe6 22. Bf1 Ba6 23. b3 Bxc4 24. Bxc4 Qh6 25. Qe2 Qg6 26. Rd7 Bf6 27. Bxf6
Nxf6 28. Rd6 Rfd8 29. Rcd1 Rxd6 30. Rxd6 Qf5 31. Kg2 h5 32. h3 Re8 33. Qd1 Re7
34. Rd8+ Kh7 35. Rd6 Rd7 36. Rxd7 Nxd7 37. g4 Qf6 1-0

[Event "British Columbia-ch Senior"]
[Site "Surrey CAN"]
[Date "2018.06.24"]
[Round "4.5"]
[White "Campos, Eugenio"]
[Black "Rompogren, Michael"]
[Result "0-1"]
[WhiteElo "1908"]
[BlackElo "1773"]
[PlyCount "106"]
[EventDate "2018.06.22"]
[EventType "swiss"]
[EventRounds "5"]
[EventCountry "CAN"]

1. e4 b6 2. f4 Ba6 3. d3 Nc6 4. Nf3 d5 5. e5 d4 6. Nbd2 e6 7. Be2 Nh6 8. Ne4
Nf5 9. O-O h6 10. a3 Bb7 11. b4 Nce7 12. g4 Ne3 13. Bxe3 dxe3 14. Qe1 h5 15. h3
hxg4 16. hxg4 Ng6 17. Qg3 Be7 18. g5 Qd7 19. c4 O-O-O 20. c5 Bd5 21. cxb6 axb6
22. Nc3 Kb7 23. Nxd5 exd5 24. Kg2 c5 25. Rh1 Qf5 26. Rag1 Nxf4+ 27. Kf1 Nxe2
28. Kxe2 Rxh1 29. Rxh1 d4 30. bxc5 Bxc5 31. Nh4 Qe6 32. Rf1 Ka6 33. Ra1 Qb3 34.
Qe1 Qc2+ 35. Kf3 Qxd3 36. Rd1 Qb5 37. a4 Qc6+ 38. Kf4 Re8 39. Qe2+ Ka7 40. Nf3
f6 41. exf6 gxf6 42. Kg3 Qd6+ 43. Kg2 fxg5 44. a5 g4 45. axb6+ Bxb6 46. Ra1+
Kb8 47. Nh2 Qd5+ 48. Kg1 d3 49. Qb2 Qc6 50. Ra6 Kb7 51. Rxb6+ Qxb6 52. Qg7+ Kb8
53. Kg2 e2 0-1

[Event "British Columbia-ch Senior"]
[Site "Surrey CAN"]
[Date "2018.06.24"]
[Round "5.1"]
[White "McLaren, Brian"]
[Black "Mohammed Qanee, Arpak Worya"]
[Result "1/2-1/2"]
[WhiteElo "2130"]
[BlackElo "2166"]
[PlyCount "89"]
[EventDate "2018.06.22"]
[EventType "swiss"]
[EventRounds "5"]
[EventCountry "CAN"]

1. e4 c5 2. Nc3 g6 3. g3 Bg7 4. Bg2 Nc6 5. d3 e6 6. Be3 Qa5 7. Nge2 Nd4 8. O-O
Ne7 9. Nc1 d6 10. Qd2 Nec6 11. Nb3 Qc7 12. Rac1 O-O 13. Bh6 Rb8 14. Bxg7 Kxg7
15. Nd1 Nxb3 16. axb3 Nd4 17. Ne3 Bd7 18. Ra1 a6 19. Ra3 Bc6 20. c3 Nb5 21.
Raa1 Rbd8 22. f4 d5 23. e5 d4 24. Ng4 Bxg2 25. Kxg2 dxc3 26. bxc3 h5 27. Nf6 c4
28. bxc4 Qxc4 29. dxc4 Rxd2+ 30. Rf2 Rxf2+ 31. Kxf2 Nxc3 32. Ra3 Nd1+ 33. Ke2
Nb2 34. Rb3 Nxc4 35. Rxb7 Rd8 36. Rc7 Nb6 37. Ne4 Rd7 38. Rc6 Nd5 39. Rxa6 Rb7
40. h4 Rb2+ 41. Kf3 Rb3+ 42. Kf2 Rb2+ 43. Kf3 Rb3+ 44. Kf2 Rb2+ 45. Kf3 1/2-1/2

[Event "British Columbia-ch Senior"]
[Site "Surrey CAN"]
[Date "2018.06.24"]
[Round "5.2"]
[White "Fuentebella, Mayo"]
[Black "Leblanc, Paul"]
[Result "1-0"]
[WhiteElo "2299"]
[BlackElo "1800"]
[PlyCount "71"]
[EventDate "2018.06.22"]
[EventType "swiss"]
[EventRounds "5"]
[EventCountry "CAN"]

1. c4 c6 2. Nc3 d5 3. d4 Nf6 4. e3 a6 5. Nf3 Bf5 6. a4 e6 7. Ne5 Nbd7 8. f4 Ne4
9. Nf3 Bb4 10. Bd2 Nxd2 11. Nxd2 Nf6 12. Be2 h5 13. h3 h4 14. O-O Rc8 15. c5 g6
16. Nf3 Nh5 17. Bd3 Ng3 18. Rf2 Rc7 19. Na2 a5 20. Nxb4 axb4 21. Bxf5 gxf5 22.
Qb3 Ne4 23. Rc2 Rg8 24. Qxb4 Rg3 25. Qe1 Qf6 26. Kh2 Qg7 27. b4 Qh6 28. b5 f6
29. bxc6 bxc6 30. a5 e5 31. a6 Ra7 32. Qb4 Rag7 33. a7 Rxg2+ 34. Rxg2 Rxg2+ 35.
Kxg2 Qg7+ 36. Kf1 1-0

[Event "British Columbia-ch Senior"]
[Site "Surrey CAN"]
[Date "2018.06.24"]
[Round "5.3"]
[White "Rompogren, Michael"]
[Black "Kagaoan, Jose"]
[Result "0-1"]
[WhiteElo "1773"]
[BlackElo "1944"]
[PlyCount "78"]
[EventDate "2018.06.22"]
[EventType "swiss"]
[EventRounds "5"]
[EventCountry "CAN"]

1. e4 g5 2. d4 h6 3. h4 g4 4. Nc3 d6 5. Bd3 Bg7 6. Be3 Nc6 7. Nge2 e5 8. d5
Nce7 9. Ng3 h5 10. Qd2 Nf6 11. Bg5 Bd7 12. O-O-O Qc8 13. Kb1 Nfg8 14. Rhf1 f6
15. Be3 Ng6 16. Rh1 Qd8 17. Be2 Nf4 18. Bf1 Ng6 19. Nge2 f5 20. g3 a6 21. Nc1
Qf6 22. Bg2 f4 23. gxf4 Nxf4 24. Bf1 Ne7 25. Be2 Neg6 26. Nd3 b5 27. Nxf4 Nxf4
28. Rde1 Nh3 29. f3 Qxh4 30. Bf1 Qf6 31. Bg2 Nf4 32. Ref1 g3 33. Nd1 h4 34.
Bxf4 Qxf4 35. Qxf4 exf4 36. Bh3 Bxh3 37. Rxh3 Bd4 38. Rfh1 g2 39. R3h2 gxh1=Q
0-1

[Event "British Columbia-ch Senior"]
[Site "Surrey CAN"]
[Date "2018.06.24"]
[Round "5.4"]
[White "Swett, Graham"]
[Black "Monkhouse, Neale"]
[Result "1/2-1/2"]
[WhiteElo "1997"]
[BlackElo "1800"]
[PlyCount "83"]
[EventDate "2018.06.22"]
[EventType "swiss"]
[EventRounds "5"]
[EventCountry "CAN"]

1. e4 c5 2. Nf3 Nc6 3. g3 g6 4. Bg2 Bg7 5. d3 d6 6. O-O Rb8 7. Nbd2 e5 8. a3
Nge7 9. c3 O-O 10. Nh4 Be6 11. f4 Qd7 12. f5 gxf5 13. exf5 Nxf5 14. Nxf5 Bxf5
15. Rxf5 Qxf5 16. Be4 Qe6 17. Nf3 h6 18. c4 Ne7 19. Nh4 f5 20. Bg2 Kh7 21. Bd2
b6 22. Kh1 Rbd8 23. Qh5 Qf7 24. Qe2 Kh8 25. Rf1 Qf6 26. Qh5 Qf7 27. Qe2 Qe8 28.
Bf3 Qd7 29. Qg2 Rf6 30. Re1 Rdf8 31. Qh3 Qe8 32. Ng2 Kg8 33. Ne3 Qc8 34. Nd5
Nxd5 35. Bxd5+ Kh7 36. Qh4 Qd8 37. Bg5 Qe8 38. Bxf6 Bxf6 39. Qh3 Qg6 40. Rf1
Qg4 41. Qxg4 fxg4 42. b3 1/2-1/2

[Event "British Columbia-ch Senior"]
[Site "Surrey CAN"]
[Date "2018.06.24"]
[Round "5.5"]
[White "Escandor, Manuel Omana"]
[Black "Pangilinan, Emmanuel"]
[Result "0-1"]
[WhiteElo "1820"]
[BlackElo "1513"]
[PlyCount "86"]
[EventDate "2018.06.22"]
[EventType "swiss"]
[EventRounds "5"]
[EventCountry "CAN"]

1. e4 e5 2. f4 d5 3. exd5 e4 4. Nc3 Nf6 5. Bb5+ c6 6. dxc6 bxc6 7. Bc4 Qd4 8.
Qe2 Be7 9. h3 O-O 10. d3 Bb4 11. Bd2 e3 12. Bxe3 Bxc3+ 13. Kd1 Qd6 14. bxc3
Nbd7 15. Qf3 Nb6 16. Bb3 Ba6 17. Bd4 Nbd7 18. Ne2 c5 19. Bxf6 Nxf6 20. c4 Rab8
21. Nc3 Bb7 22. Nd5 Kh8 23. Re1 Rfe8 24. Kd2 Re6 25. f5 Ree8 26. Qf4 Qa6 27. g4
Qa5+ 28. c3 Ng8 29. g5 Red8 30. h4 Rbc8 31. h5 h6 32. f6 Bxd5 33. fxg7+ Kxg7
34. gxh6+ Nxh6 35. cxd5 c4 36. Qg5+ Kh7 37. Bc2 Rxd5 38. d4+ Nf5 39. Rg1 Rxd4+
40. Ke1 Re8+ 41. Kf1 Rd3 42. Bxd3 cxd3 43. Qd2 Ne3+ 0-1

[Event "British Columbia-ch U20"]
[Site "Vancouver CAN"]
[Date "2018.11.10"]
[Round "1.1"]
[White "Doknjas, Joshua"]
[Black "Yang, Jingyun (Ryan)"]
[Result "1-0"]
[WhiteElo "2290"]
[BlackElo "1627"]
[PlyCount "79"]
[EventDate "2018.11.10"]
[EventType "swiss"]
[EventRounds "5"]
[EventCountry "CAN"]

1. e4 e5 2. Nf3 Nc6 3. Bc4 Nf6 4. d3 Bc5 5. c3 O-O 6. O-O d6 7. Re1 Bg4 8. Nbd2
Re8 9. h3 Bh5 10. Nf1 h6 11. Ng3 Qe7 12. Nxh5 Nxh5 13. d4 Bb6 14. Bb5 a6 15.
Ba4 Red8 16. Bb3 Qf6 17. Ng5 Rf8 18. Qxh5 exd4 19. Nf3 dxc3 20. bxc3 Qxc3 21.
Rb1 Ne5 22. Be3 Nd3 23. Re2 Rae8 24. Bxb6 Nf4 25. Re3 Qxe3 26. Qxf7+ Rxf7 27.
Bxf7+ Kxf7 28. Bxe3 b5 29. Bxf4 Rxe4 30. Be3 c5 31. Rc1 Ra4 32. Rc2 Rb4 33. Kf1
a5 34. Ke2 Ke6 35. Nd2 a4 36. a3 Rh4 37. Bxc5 dxc5 38. Rxc5 b4 39. axb4 Rxb4
40. Rc4 1-0

[Event "British Columbia-ch U20"]
[Site "Vancouver CAN"]
[Date "2018.11.10"]
[Round "1.2"]
[White "Wang, Daniel"]
[Black "Hemstapat, Andrew"]
[Result "0-1"]
[WhiteElo "1576"]
[BlackElo "2209"]
[PlyCount "70"]
[EventDate "2018.11.10"]
[EventType "swiss"]
[EventRounds "5"]
[EventCountry "CAN"]

1. e4 e6 2. d4 d5 3. Nd2 c5 4. c3 Nc6 5. exd5 Qxd5 6. Ndf3 Bd7 7. Ne2 Nf6 8.
Nf4 Qd6 9. Bc4 cxd4 10. O-O dxc3 11. bxc3 Na5 12. Qxd6 Bxd6 13. Be2 Rc8 14. Rd1
Be7 15. Ne5 Ba4 16. Rd4 Bc6 17. Nxc6 Nxc6 18. Rd1 Ne4 19. Bb2 Bf6 20. Rd3 O-O
21. Bf3 Nc5 22. Rdd1 Ne5 23. Be2 Ne4 24. Rac1 Nc4 25. Ba1 b5 26. Bf3 Nc5 27.
Nd3 Nxd3 28. Rxd3 Ne5 29. Re3 Rfd8 30. Be2 Rc5 31. f4 Ng6 32. Re4 Rd4 33. Re3
Rxf4 34. Bb2 Ra4 35. a3 Bg5 0-1

[Event "British Columbia-ch U20"]
[Site "Vancouver CAN"]
[Date "2018.11.10"]
[Round "1.3"]
[White "Bremner, William"]
[Black "Huang, Ryan"]
[Result "1-0"]
[WhiteElo "2106"]
[BlackElo "1571"]
[PlyCount "113"]
[EventDate "2018.11.10"]
[EventType "swiss"]
[EventRounds "5"]
[EventCountry "CAN"]

1. d4 Nf6 2. c4 c5 3. d5 b5 4. cxb5 a6 5. bxa6 Bxa6 6. Nc3 g6 7. e4 Bxf1 8.
Kxf1 d6 9. Nf3 Bg7 10. g3 O-O 11. Kg2 Nbd7 12. a4 Qa5 13. Bd2 Qb4 14. Qe2 Nb6
15. Rhb1 Nc4 16. Na2 Qb3 17. Bc3 Nb6 18. Nc1 Qc4 19. Qxc4 Nxc4 20. b3 Nb6 21.
Nd2 Rfb8 22. Nd3 e6 23. dxe6 fxe6 24. Bxf6 Bxf6 25. e5 Bg7 26. Ra2 Nd5 27. Rc2
Bxe5 28. Nxe5 dxe5 29. Rxc5 e4 30. Nxe4 Rxa4 31. bxa4 Rxb1 32. Ng5 Re1 33. Nxe6
Rxe6 34. Rxd5 Re2 35. Rd7 Ra2 36. Ra7 Ra3 37. h4 h5 38. a5 Kh8 39. a6 Kg8 40.
Kf1 Ra2 41. Ke1 Kh8 42. Ra8+ Kg7 43. f4 Kh7 44. Kf1 Kg7 45. Ke1 Kh7 46. Kd1 Kg7
47. Kc1 Kf6 48. Kb1 Ra5 49. Kb2 Kf5 50. a7 Kg4 51. f5 Rxf5 52. Rb8 Ra5 53. a8=Q
Rxa8 54. Rxa8 Kxg3 55. Ra4 Kh3 56. Kc2 Kg3 57. Kd2 1-0

[Event "British Columbia-ch U20"]
[Site "Vancouver CAN"]
[Date "2018.11.10"]
[Round "1.4"]
[White "Trenton, Isaac"]
[Black "Zhu, Brandon"]
[Result "0-1"]
[WhiteElo "1537"]
[BlackElo "2102"]
[PlyCount "98"]
[EventDate "2018.11.10"]
[EventType "swiss"]
[EventRounds "5"]
[EventCountry "CAN"]

1. d4 d5 2. Bf4 Nf6 3. e3 c5 4. c3 Nc6 5. Bd3 Qb6 6. Qb3 c4 7. Qxb6 axb6 8. Bc2
e6 9. Nd2 b5 10. Ngf3 Be7 11. O-O O-O 12. h3 b4 13. e4 Bd7 14. Bg5 h6 15. Bxf6
Bxf6 16. a3 bxc3 17. bxc3 b5 18. exd5 exd5 19. Rfe1 Rfb8 20. Nf1 Be6 21. Ng3
Be7 22. Ne5 Nxe5 23. Rxe5 Bd6 24. Re3 Bxa3 25. Bf5 Bb2 26. Rae1 Ra1 27. Kf1
Rba8 28. Bxe6 fxe6 29. Ne2 R8a3 30. Rxe6 Bxc3 31. Nxc3 Rxe1+ 32. Kxe1 Rxc3 33.
Rb6 Rb3 34. Kd2 Kf7 35. Kc2 b4 36. Rd6 Ra3 37. Rxd5 Ra2+ 38. Kc1 Rxf2 39. Rc5
c3 40. Rc4 Rb2 41. d5 Ke7 42. Rc7+ Kd6 43. Rxg7 Kxd5 44. Rg6 Rf2 45. Rb6 Kc4
46. g4 Rf1+ 47. Kc2 b3+ 48. Rxb3 Rf2+ 49. Kc1 Kxb3 0-1

[Event "British Columbia-ch U20"]
[Site "Vancouver CAN"]
[Date "2018.11.10"]
[Round "1.5"]
[White "Huang, Patrick"]
[Black "Qiu, Peter Yong"]
[Result "1-0"]
[WhiteElo "2099"]
[BlackElo "1521"]
[PlyCount "61"]
[EventDate "2018.11.10"]
[EventType "swiss"]
[EventRounds "5"]
[EventCountry "CAN"]

1. d4 d5 2. Bf4 Nf6 3. e3 e6 4. Nf3 Nbd7 5. Bd3 Nh5 6. Bg5 f6 7. Bh4 Be7 8. g4
g5 9. gxh5 gxh4 10. Rg1 e5 11. Nxh4 e4 12. Be2 Nb6 13. Bg4 Rg8 14. h6 Rg5 15.
f4 exf3 16. Qxf3 Kf8 17. Rg2 Bxg4 18. Rxg4 Rxg4 19. Qxg4 Qd6 20. Nf5 Qe6 21.
Qg7+ Ke8 22. Qxh7 Kd7 23. Nd2 Rg8 24. O-O-O Rg5 25. Rf1 Rg2 26. h4 Nc4 27. Nxc4
dxc4 28. Qxe7+ Qxe7 29. Nxe7 Rg4 30. h7 Rxh4 31. Ng6 1-0

[Event "British Columbia-ch U20"]
[Site "Vancouver CAN"]
[Date "2018.11.10"]
[Round "1.6"]
[White "Xu, Andrew"]
[Black "Lehingrat, Callum"]
[Result "0-1"]
[WhiteElo "1516"]
[BlackElo "2076"]
[PlyCount "96"]
[EventDate "2018.11.10"]
[EventType "swiss"]
[EventRounds "5"]
[EventCountry "CAN"]

1. e4 c5 2. Nf3 d6 3. Bb5+ Nd7 4. O-O Ngf6 5. Re1 a6 6. Bf1 b5 7. c4 b4 8. a3
Bb7 9. d3 a5 10. a4 g6 11. b3 Bg7 12. Bb2 O-O 13. Qc2 e5 14. Nbd2 Nh5 15. Bc1
f5 16. Be2 Nf4 17. Bf1 Nf6 18. g3 Ne6 19. Bg2 f4 20. Nf1 g5 21. h3 h5 22. N1h2
g4 23. Nh4 Nd4 24. Qd1 Bc8 25. hxg4 Nxg4 26. Ra2 Nxh2 27. Kxh2 Bg4 28. f3 Be6
29. Rb2 Qg5 30. Rh1 Qxg3+ 31. Kg1 Bf6 32. Nf5 Bxf5 33. exf5 h4 34. Kf1 Kf7 35.
Rg1 Rg8 36. Rh1 Nxf5 37. Rh3 Qg6 38. Qe2 Ng3+ 39. Rxg3 Qxg3 40. Qe4 Rae8 41.
Qd5+ Re6 42. Qb7+ Be7 43. Qe4 Qg6 44. Qd5 h3 45. Bxh3 Qg1+ 46. Ke2 Qh2+ 47. Kd1
Rg1+ 48. Bf1 Rxf1# 0-1

[Event "British Columbia-ch U20"]
[Site "Vancouver CAN"]
[Date "2018.11.10"]
[Round "1.7"]
[White "Doknjas, Neil"]
[Black "Imoo, Joshua"]
[Result "1-0"]
[WhiteElo "2056"]
[BlackElo "1510"]
[PlyCount "105"]
[EventDate "2018.11.10"]
[EventType "swiss"]
[EventRounds "5"]
[EventCountry "CAN"]

1. e4 e5 2. Nf3 Nf6 3. d4 Nxe4 4. Bd3 d5 5. Nxe5 Nd7 6. Nxd7 Bxd7 7. O-O Be7 8.
c4 c6 9. Nc3 Nxc3 10. bxc3 dxc4 11. Bxc4 O-O 12. Rb1 b6 13. Bf4 Bf5 14. Rb2 Bf6
15. Qf3 Qd7 16. h3 Rfe8 17. Qg3 b5 18. Be2 a6 19. Rd1 Re7 20. Bf3 Rae8 21. Be3
Be4 22. Rbd2 Bxf3 23. Qxf3 Qd5 24. Qxd5 cxd5 25. Rd3 Rc7 26. Bf4 Rc4 27. Bd6
Re2 28. a3 a5 29. Rb1 b4 30. axb4 axb4 31. Rxb4 Rxb4 32. cxb4 Rb2 33. Bc5 g6
34. Ra3 h5 35. Ra6 Bg5 36. g3 Bd2 37. Rb6 Be1 38. Rb8+ Kg7 39. g4 Bxf2+ 40. Kf1
Bg3 41. Rd8 Bf4 42. Be7 Bd2 43. g5 Bxg5 44. Bxg5 f6 45. Rd7+ Kf8 46. Bxf6 Ke8
47. Rb7 Rb1+ 48. Kg2 Rb2+ 49. Kg3 Rb3+ 50. Kf4 Rxh3 51. Ke5 Rf3 52. Ke6 Re3+
53. Be5 1-0

[Event "British Columbia-ch U20"]
[Site "Vancouver CAN"]
[Date "2018.11.10"]
[Round "1.8"]
[White "Su, Ethan"]
[Black "Labelle, Ambroise"]
[Result "0-1"]
[WhiteElo "1471"]
[BlackElo "1944"]
[PlyCount "84"]
[EventDate "2018.11.10"]
[EventType "swiss"]
[EventRounds "5"]
[EventCountry "CAN"]

1. e4 e6 2. d4 d5 3. exd5 exd5 4. Nf3 Nc6 5. Be3 Bf5 6. a3 Bd6 7. Nc3 Nge7 8.
Bb5 O-O 9. O-O a6 10. Bxc6 bxc6 11. Re1 Ng6 12. Qd2 Nh4 13. Bg5 Nxf3+ 14. gxf3
Qd7 15. Bf4 Rfe8 16. Bg3 Bh3 17. Rxe8+ Rxe8 18. Re1 Rxe1+ 19. Qxe1 h5 20. Qe3
Qf5 21. Bxd6 cxd6 22. f4 h4 23. Qf3 Qg6+ 24. Kh1 Bf5 25. Qg2 Qe6 26. f3 Qe1+
27. Qg1 Qd2 28. Qg2 Qc1+ 29. Qg1 Qxf4 30. Qd1 Bg6 31. Kg2 Bh5 32. Qe2 h3+ 33.
Kxh3 Bxf3 34. Qe8+ Kh7 35. Qd7 f5 36. Qxf5+ Qxf5+ 37. Kg3 Bg4 38. Ne2 g5 39. h3
Qf3+ 40. Kh2 Bxh3 41. Nf4 gxf4 42. c4 Qg2# 0-1